Early Buddhism and the Bhagavadgita (Record no. 1434919)
[ view plain ]
| 000 -LEADER | |
|---|---|
| fixed length control field | 00665nam a22002177a 4500 |
| 005 - DATE AND TIME OF LATEST TRANSACTION | |
| control field | 20250827154400.0 |
| 008 - FIXED-LENGTH DATA ELEMENTS--GENERAL INFORMATION | |
| fixed length control field | 250827b |||||||| |||| 00| 0 eng d |
| 037 ## - SOURCE OF ACQUISITION | |
| Terms of availability | TB |
| 040 ## - CATALOGING SOURCE | |
| Original cataloging agency | AL |
| Transcribing agency | AL |
| 041 ## - LANGUAGE CODE | |
| Source of code | Eng |
| Language code of text/sound track or separate title | English |
| 084 ## - COLON CLASSIFICATION NUMBER | |
| Classification number | Q40aR65,6 L1 |
| Assigning agency | AL |
| 100 ## - MAIN ENTRY--PERSONAL NAME | |
| Personal name | ; by Upadhyaya, Kashi Nath |
| 9 (RLIN) | 819080 |
| 245 ## - TITLE STATEMENT | |
| Title | Early Buddhism and the Bhagavadgita |
| 260 ## - PUBLICATION, DISTRIBUTION, ETC. | |
| Place of publication, distribution, etc. | India, Delhi |
| Name of publisher, distributor, etc. | Motilal Banarsidas |
| Date of publication, distribution, etc. | 1971 |
| 300 ## - PHYSICAL DESCRIPTION | |
| Extent | xix, 567p. |
| 365 ## - TRADE PRICE | |
| Price amount | 550 |
| Currency code | INR |
| 650 ## - SUBJECT ADDED ENTRY--TOPICAL TERM | |
| Source of heading or term | RELIGION |
| 700 ## - ADDED ENTRY--PERSONAL NAME | |
| Personal name | by Upadhyaya, Kashi Nath |
| Relator term | Author |
| 9 (RLIN) | 819081 |
| 942 ## - ADDED ENTRY ELEMENTS (KOHA) | |
| Source of classification or shelving scheme | Colon Classification (CC) |
| Koha item type | Textbook |
| Classification part | Q40aR65,6 L1 |
| Suppress in OPAC | No |
| Withdrawn status | Lost status | Source of classification or shelving scheme | Damaged status | Not for loan | Home library | Current library | Date acquired | Source of acquisition | Inventory number | Total Checkouts | Full call number | Barcode | Date last seen | Price effective from | Koha item type |
|---|---|---|---|---|---|---|---|---|---|---|---|---|---|---|---|
| Colon Classification (CC) | Arts Library | Arts Library | 2025-08-27 | Bhartiya Sahitya | 149& 2002-08-17 | Q40aR65,6L1 | AL1270275 | 2025-08-27 | 2025-08-27 | Textbook |
